[Event "5th Open"]
[Site "Voronezh RUS"]
[Date "2001.06.20"]
[Round "8"]
[White "Ulko,J"]
[Black "Amonatov,F"]
[Result "1-0"]
[WhiteElo "2480"]
[BlackElo "2319"]

1.d4 Nf6 2.c4 g6 3.Nc3 Bg7 4.e4 d6 5.Nf3 O-O 6.Be2 e5 7.O-O Nc6 8.d5 Ne7
9.b4 c6 10.Nd2 a5 11.bxa5 Qxa5 12.Bb2 Qd8 13.a4 c5 14.g3 Nd7 15.Nb5 Ra6 16.Ra3 f5
17.f4 exf4 18.Bxg7 Kxg7 19.Qa1+ Kg8 20.gxf4 fxe4 21.Nxe4 Nf5 22.Ng5 Nf6 23.Bf3 Re8
24.Re1 Rxe1+ 25.Qxe1 Qa5 26.Qxa5 Rxa5 27.Ne4 Ne8 28.Bg4 Ra6 29.Ng3 Bd7 30.Bxf5 gxf5
31.Kf2 Kf7 32.Nf1 Nf6 33.Ne3 Ne4+ 34.Ke2 Kf6 35.Kd3 Ra5 36.Ra2 Be8 37.Nd1 Bd7
38.Ndc3 Nxc3 39.Nxc3 Ra6 40.Nb5 Bxb5 41.cxb5 Ra5 42.Kc4 b6 43.Kb3 Ra7 44.a5 bxa5
45.Ka4 Re7 46.Rb2 c4 47.b6 c3 48.Rc2 Re1 49.Rxc3 Ra1+  1-0

[Event "5th Open"]
[Site "Voronezh RUS"]
[Date "2001.06.21"]
[Round "9"]
[White "Pavlov,Al"]
[Black "Ulko,J"]
[Result "0-1"]
[WhiteElo "2319"]
[BlackElo "2480"]

1.d4 Nf6 2.c4 g6 3.Nc3 Bg7 4.e4 d6 5.Nf3 O-O 6.Be2 e5 7.O-O Nc6 8.d5 Ne7
9.Ne1 Nd7 10.Nd3 f5 11.Bd2 Nf6 12.f3 c5 13.Rb1 f4 14.b4 b6 15.bxc5 bxc5 16.Rb2 g5
17.Nf2 h5 18.h3 Ng6 19.Qc2 Nh4 20.Rfb1 g4 21.fxg4 hxg4 22.hxg4 Nh7 23.Bf3 Nxf3+
24.gxf3 Qh4 25.Ne2 Ng5 26.Kg2 Bxg4 27.Rb3 Bh3+ 28.Kg1 Rf6 29.Be1 Rg6  0-1

[Event "12th Open"]
[Site "Ljubljana SLO"]
[Date "2001.06.24"]
[Round "2"]
[White "Sitnik,I"]
[Black "Groselj,P"]
[Result "1/2-1/2"]
[WhiteElo "2288"]
[BlackElo "2106"]

1.d4 Nf6 2.c4 g6 3.Nc3 Bg7 4.e4 d6 5.Nf3 O-O 6.Be2 e5 7.O-O Nc6 8.d5 Ne7
9.Ne1 Nd7 10.Be3 f5 11.f3 f4 12.Bf2 g5 13.Nd3 Nf6 14.c5 Ng6 15.a4 h5 16.a5 g4
17.Kh1 g3 18.hxg3 fxg3 19.Bxg3 h4 20.Bh2 Nh5 21.Rf2 Bh6 22.f4 Ng3+ 23.Kg1 Nxf4
24.Bf1 Qg5 25.Nxf4 Rxf4 26.Qd2 Bg4 27.Rxf4 Qxf4 28.Qxf4 Bxf4 29.Bxg3 hxg3
30.Be2 Bxe2 31.Nxe2 Be3+ 32.Kf1 Rf8+ 33.Ke1 Bxc5 34.Ra4 Rf2 35.b4 Bd4 36.Nxg3 Rxg2
37.Ne2 Rg4 38.Nxd4 exd4 39.Ke2 Rxe4+ 40.Kd3 Rf4 41.Ra1 Kf7 42.Rc1 Rf3+ 43.Kxd4 Rf4+
44.Kc3 Ke7 45.Rh1 Rf7 46.b5 Kd7 47.Rh8 Rf3+ 48.Kb4 Rf4+ 49.Kb3 Rf3+ 50.Kb4 Rf4+
51.Kb3  1/2-1/2

[Event "TCh-Europe Boys U18"]
[Site "Balatonlelle HUN"]
[Date "2001.06.25"]
[Round "4"]
[White "Korobov,A"]
[Black "Bratovic,B"]
[Result "1-0"]
[WhiteElo "2401"]
[BlackElo "2208"]

1.d4 Nf6 2.c4 g6 3.Nc3 Bg7 4.e4 O-O 5.Nf3 d6 6.Be2 e5 7.O-O Nc6 8.d5 Ne7
9.b4 Nh5 10.Re1 f5 11.Ng5 Nf6 12.Bf3 c6 13.Qb3 Kh8 14.Bb2 h6 15.Ne6 Bxe6
16.dxe6 fxe4 17.Nxe4 Nxe4 18.Rxe4 Nf5 19.Rae1 Re8 20.c5 d5 21.Rxe5 Bxe5 22.Rxe5 Kh7
23.Bg4 Qf6 24.f4 Rad8 25.Rxf5 Qxe6 26.Qg3 Qe1+ 27.Qxe1 Rxe1+ 28.Kf2 Rb1 29.Rf7+ Kg8
30.Rg7+ Kf8 31.Be5 d4 32.Rxb7  1-0

[Event "TCh-Europe Boys U18"]
[Site "Balatonlelle HUN"]
[Date "2001.06.25"]
[Round "4"]
[White "Seel,C"]
[Black "Kinsic,O"]
[Result "1-0"]
[WhiteElo "2250"]
[BlackElo "2146"]

1.Nf3 Nf6 2.c4 g6 3.Nc3 Bg7 4.e4 d6 5.d4 O-O 6.Be2 e5 7.O-O Nc6 8.d5 Ne7
9.b4 Ne8 10.c5 f5 11.Nd2 h6 12.a4 fxe4 13.Ndxe4 Nf5 14.Ba3 Rf7 15.b5 Bf8
16.a5 b6 17.cxb6 cxb6 18.Bb4 Rb8 19.axb6 axb6 20.Nd2 Neg7 21.Nc4 Nd4 22.Na4 Qg5
23.Bd2 Qh4 24.Naxb6 Bf5 25.Be3 Nxe2+ 26.Qxe2 Nh5 27.g3 Qh3 28.f3 e4 29.fxe4 Bxe4
30.Rxf7 Kxf7 31.Bf4 Re8 32.Bxd6 Nxg3 33.Qf2+ Nf5 34.Nd7 Qg4+ 35.Bg3 Kg7 36.Qb2+  1-0

[Event "TCh-Europe Boys U18"]
[Site "Balatonlelle HUN"]
[Date "2001.06.29"]
[Round "7"]
[White "Krivousas,T"]
[Black "Cernousek,L"]
[Result "1-0"]
[WhiteElo "2131"]
[BlackElo "2242"]

1.d4 Nf6 2.c4 g6 3.Nf3 Bg7 4.Nc3 O-O 5.e4 d6 6.Be2 e5 7.O-O Nc6 8.d5 Ne7
9.Nd2 c5 10.dxc6 bxc6 11.b4 d5 12.a4 Be6 13.Ba3 Rc8 14.Qc2 Nd7 15.Rfd1 f5
16.f3 Bh6 17.Nf1 Nf6 18.b5 d4 19.bxc6 Rxc6 20.c5 a6 21.Na2 fxe4 22.fxe4 Ng4
23.Nb4 Rc8 24.Bc4 Bxc4 25.Qxc4+ Kh8 26.Qe6 Rxf1+ 27.Rxf1 Nf5 28.exf5 d3 29.Nd5  1-0

[Event "12th Open"]
[Site "Ljubljana SLO"]
[Date "2001.07.01"]
[Round "9"]
[White "Sitnik,I"]
[Black "Podhraski,D"]
[Result "1-0"]
[WhiteElo "2288"]
[BlackElo "2123"]

1.d4 Nf6 2.c4 g6 3.Nc3 Bg7 4.e4 d6 5.Nf3 O-O 6.Be2 e5 7.O-O Nc6 8.d5 Ne7
9.Ne1 Nd7 10.Be3 f5 11.f3 f4 12.Bf2 g5 13.Nd3 Rf7 14.c5 Nf6 15.a4 h5 16.a5 a6
17.cxd6 cxd6 18.Na4 Nd7 19.Nb6 Nxb6 20.Bxb6 Qe8 21.Nf2 Kh8 22.Rc1 Ng8 23.Rc3 Nf6
24.h3 Bf8 25.Qc2 Rg7 26.Rc1 Bd7 27.Rc7 Be7 28.Qc3 Qg6 29.Rxb7 g4 30.hxg4 hxg4
31.fxg4 Rag8 32.Rxd7 Nxd7 33.Bxa6 Bh4 34.Be2 Nf6 35.a6 Rh7 36.Qf3 Bxf2+ 37.Bxf2 Nxe4
38.Bd3 Qh6 39.Qh3 Qg5 40.Qxh7+ Kxh7 41.Bxe4+ Kg7 42.Rc7+ Kf6 43.Rh7 Qxg4
44.Bh4+ Rg5 45.Bf3 Qf5 46.Bxg5+ Qxg5 47.a7 Qg8 48.Be4 Qc8 49.Kh2 Qg8 50.Rh3 Qa8
51.Ra3 Ke7 52.Bd3 Kd7 53.Bb5+ Kc7 54.Bc6 Qh8+ 55.Rh3  1-0

[Event "Open"]
[Site "Andorra AND"]
[Date "2001.07.02"]
[Round "3"]
[White "Mikhalevski,V"]
[Black "Pedersen,Jan"]
[Result "0-1"]
[WhiteElo "2523"]
[BlackElo "2339"]

1.d4 Nf6 2.c4 g6 3.Nc3 Bg7 4.e4 d6 5.Be2 O-O 6.Nf3 e5 7.O-O Nc6 8.d5 Ne7
9.b4 Nh5 10.Re1 a5 11.bxa5 c5 12.Nd2 Nf4 13.Bf1 Rxa5 14.a4 Ra6 15.Ra3 g5
16.Nb5 h6 17.g3 Nfg6 18.Bg2 Bd7 19.Bb2 Qc8 20.Rf1 Kh7 21.Bc1 Rg8 22.Nf3 Bf8
23.Nxg5+ hxg5 24.Bxg5 Kg7 25.f4 f5 26.h4 exf4 27.gxf4 fxe4 28.Nc3 Nf5 29.Nxe4 Kf7
30.Nf6 Bg7 31.Nxg8 Qxg8 32.Re1 Bd4+ 33.Kf1 Rxa4 34.Rb3 Ra2 35.Re2 Ra1 36.Qxa1 Bxa1
37.Rxb7 Qc8 38.Ra7 Ng3+ 39.Kf2 Nxe2 40.Bh3 Nf8 41.Kxe2 Qb8 42.Rxd7+ Nxd7
43.Bxd7 Bf6 44.Be6+ Kg7 45.h5 Qb2+ 46.Kf3 Qc3+ 47.Kg4 Bxg5 48.fxg5 Qxc4+
49.Kf5 Qf1+ 50.Kg4 Qg2+ 51.Kf4 Qd2+  0-1

[Event "FSIMB July"]
[Site "Budapest HUN"]
[Date "2001.07.02"]
[Round "1"]
[White "Dub,Z"]
[Black "Dobos,J"]
[Result "0-1"]
[WhiteElo "2280"]
[BlackElo "2309"]

1.d4 Nf6 2.Nf3 g6 3.c4 Bg7 4.Nc3 O-O 5.e4 d6 6.Be2 e5 7.O-O Nc6 8.d5 Ne7
9.b4 Nd7 10.c5 f5 11.Ng5 Nf6 12.f3 h6 13.Ne6 Bxe6 14.dxe6 d5 15.exd5 Nfxd5
16.Nxd5 Qxd5 17.Qxd5 Nxd5 18.Bc4 Rfd8 19.Bb2 Kf8 20.Rfe1 Ke7 21.a3 Nf4 22.Bxe5 Bxe5
23.Rxe5 Rd2 24.Bf1 Rad8 25.g3 Nd5 26.f4 Nc3 27.Rae1 Rc2 28.R5e3 Rdd2 29.Rd3 Ne4
30.Rxd2 Rxd2 31.Bg2 Rd4 32.Bxe4 fxe4 33.Kf2 Kxe6 34.g4 Kd5 35.h4 a5 36.bxa5 Kxc5
37.Rc1+ Kd6 38.Rb1 Rd3 39.Rxb7 Rxa3 40.Rb4 Kd5 41.Rb7 Rf3+ 42.Ke2 Rxf4 43.Rxc7 Rxg4
44.Rg7 Rxh4 45.Rxg6 Rh2+ 46.Ke3 Rh3+ 47.Ke2 h5 48.a6 Ra3 49.Rh6 Kd4 50.Rxh5 Ra2+
51.Kf1 Kd3 52.Rd5+ Ke3 53.Rd6 Ra1+ 54.Kg2 Ke2 55.Rb6 Ra2 56.Kg3 e3 57.Re6 Ra4
58.Kg2 Kd2 59.Rb6 e2 60.Rd6+ Kc3  0-1

[Event "FSIMA July"]
[Site "Budapest HUN"]
[Date "2001.07.02"]
[Round "1"]
[White "Desmarais,C"]
[Black "Fernandez,Ra"]
[Result "1-0"]
[WhiteElo "2180"]
[BlackElo "2217"]

1.d4 Nf6 2.c4 g6 3.Nc3 Bg7 4.e4 d6 5.Nf3 O-O 6.Be2 e5 7.O-O Nc6 8.d5 Ne7
9.Nd2 Ne8 10.b4 f5 11.c5 Kh8 12.f3 f4 13.Nc4 h5 14.a4 g5 15.Ba3 Rf6 16.b5 Rg6
17.a5 g4 18.b6 Ng8 19.fxg4 hxg4 20.g3 Rh6 21.Rf2 Qg5 22.Bc1 Qh5 23.Qd3 fxg3
24.Qxg3 Rh7 25.bxc7 Qg6 26.Bf1 Ngf6 27.cxd6 Nxe4 28.Nxe4 Qxe4 29.Bb2 Rh5
30.Re1 Qxd5 31.Bxe5 Bxe5 32.Rxe5 Rxe5 33.Nxe5  1-0

[Event "Open"]
[Site "Andorra AND"]
[Date "2001.07.03"]
[Round "4"]
[White "Estremera Panos,S"]
[Black "Avrukh,B"]
[Result "0-1"]
[WhiteElo "2405"]
[BlackElo "2600"]

1.d4 d6 2.Nf3 Nf6 3.c4 g6 4.Nc3 Bg7 5.e4 O-O 6.Be2 e5 7.O-O Nc6 8.d5 Ne7
9.b4 Nh5 10.Re1 f5 11.Ng5 Nf6 12.f3 c6 13.Kh1 Nh5 14.b5 h6 15.Ne6 Bxe6 16.dxe6 f4
17.bxc6 Nxc6 18.Nd5 Re8 19.e7 Nxe7 20.Nxe7+ Qxe7 21.Qd5+ Kh8 22.Ba3 Red8
23.Rab1 b6 24.Rbd1 Bf8 25.Rd2 Nf6 26.Qd3 h5 27.Red1 Qe6 28.Qb3 Rac8 29.Qa4 Rc7
30.Bb4 Rdd7 31.Qa3 Rc6 32.Qa4 Rdc7 33.Qa3 Kg7 34.Bxd6 Bxd6 35.Rxd6 Rxd6 36.Rxd6 Qe7
37.g3 fxg3 38.hxg3 h4 39.g4 Ne8 40.Rd3 Qxa3 41.Rxa3 Kf6 42.c5 Rxc5 43.Rxa7 Nc7
44.Rb7 Rc6 45.Rb8 Ne6 46.Bb5 Rc1+ 47.Kh2 Rc2+ 48.Kh1 Nd4  0-1

[Event "Open"]
[Site "Karvina CZE"]
[Date "2001.07.04"]
[Round "5"]
[White "Frolik,M"]
[Black "Szczepanek,R"]
[Result "1-0"]
[WhiteElo "2292"]
[BlackElo "2095"]

1.d4 Nf6 2.c4 g6 3.Nc3 Bg7 4.e4 d6 5.Nf3 O-O 6.Be2 e5 7.O-O Nc6 8.d5 Ne7
9.Nd2 a5 10.Rb1 Bd7 11.b3 c5 12.a3 Ne8 13.b4 axb4 14.axb4 b6 15.Qb3 Nc7 16.Nb5 Nxb5
17.cxb5 Bh6 18.bxc5 dxc5 19.Nc4 Bxc1 20.Rfxc1 Qb8 21.Qg3 f6 22.Bg4 Bxg4 23.Qxg4 f5
24.Qh4 Nc8 25.f4 Nd6 26.Nxe5 Nxe4 27.Nd7 Qd8 28.Qxd8 Rfxd8 29.Nxb6 Rab8 30.Nc4 Rxd5
31.b6 Nd6 32.Ne5 Rb7 33.Rc2 Nc8 34.Nc4 Rd4 35.g3 Kg7 36.Ra1 Re4 37.Ra5 Ree7
38.Rb2 Red7 39.Rxc5 Nd6 40.Na5 Rb8 41.Rd5 Kf6 42.b7 Ke6 43.Re5+ Kf7 44.Rd2 Kf6
45.Rd3 h6 46.Red5 Ke6 47.Nc4  1-0

[Event "Open"]
[Site "Andorra AND"]
[Date "2001.07.05"]
[Round "6"]
[White "Degerman,L"]
[Black "Nordenbaek,J"]
[Result "1/2-1/2"]
[WhiteElo "2503"]
[BlackElo "2253"]

1.d4 Nf6 2.Nf3 g6 3.c4 Bg7 4.Nc3 d6 5.e4 O-O 6.Be2 e5 7.O-O Nc6 8.d5 Ne7
9.Bg5 h6 10.Bxf6 Bxf6 11.b4 Bg4 12.Ne1 Bxe2 13.Qxe2 a5 14.Rb1 axb4 15.Rxb4 b6
16.Nd3 Bg7 17.a4 f5 18.f3 h5 19.Rbb1 Kh7 20.Kh1 Qd7 21.Ra1 fxe4 22.fxe4 Ng8
23.Rxf8 Rxf8 24.h3 Qe7 25.Nb5 Ra8 26.g3 Nh6 27.Kg2 Nf7 28.Ne1 Nd8 29.Nd3 Nf7
30.Ne1 Nd8 31.Nd3  1/2-1/2

[Event "Open"]
[Site "Karvina CZE"]
[Date "2001.07.05"]
[Round "6"]
[White "Szymanski,M"]
[Black "Misiuga,A"]
[Result "1-0"]
[WhiteElo "2359"]
[BlackElo "2193"]

1.d4 Nf6 2.c4 g6 3.Nc3 Bg7 4.e4 d6 5.Nf3 O-O 6.Be2 e5 7.O-O Nc6 8.d5 Ne7
9.Ne1 Nd7 10.Be3 f5 11.f3 f4 12.Bf2 g5 13.g4 h5 14.h3 Rf6 15.Nd3 Rh6 16.Kg2 Nf6
17.c5 b6 18.cxd6 cxd6 19.a4 Bd7 20.Nb5 Ne8 21.Rc1 Qb8 22.Qb3 Kf8 23.Rc3 a6
24.Na3 b5 25.axb5 axb5 26.Rfc1 Qb7 27.Nb4 Ra4 28.Nc6 b4 29.Rc4 Qa8 30.Nxb4 Qb7
31.Qc3 hxg4 32.hxg4 Bf6 33.Rh1 Rxh1 34.Kxh1 Ng6 35.Nd3 Ra8 36.Rb4 Qc8 37.Qxc8 Bxc8
38.Kh2 Bd8 39.Nc4 Ba6 40.Ra4 Bb7 41.Rxa8 Bxa8 42.Be1 Bb7 43.Bb4 Ba6 44.Nxd6 Be7
45.Nxe8 Bxb4 46.Nc7 Bxd3 47.Bxd3 Ke7 48.Kg2 Ba5 49.Ne6 Bb6 50.Kf1 Kf6 51.Bc4 Nh8
52.d6 Nf7 53.Nc7 Bd4 54.Bxf7 Kxf7 55.d7 Ke7 56.d8=Q+ Kxd8 57.Ne6+ Kd7 58.Nxd4  1-0

[Event "ch-SWE"]
[Site "Linkoping SWE"]
[Date "2001.07.05"]
[Round "6"]
[White "Karlsson,L"]
[Black "Olsson,An"]
[Result "1-0"]
[WhiteElo "2476"]
[BlackElo "2265"]

1.c4 g6 2.Nc3 Bg7 3.d4 Nf6 4.e4 d6 5.Be2 O-O 6.Nf3 e5 7.O-O Nc6 8.d5 Ne7
9.b4 Nh5 10.c5 f5 11.Ng5 Nf4 12.Bc4 h6 13.Ne6 Bxe6 14.dxe6 fxe4 15.Nd5 Nfxd5
16.Bxd5 c6 17.cxd6 Nxd5 18.e7 Nxe7 19.dxe7 Qxe7 20.Qg4 Qxb4 21.Qxg6 Rf6 22.Qg4 Rd8
23.Be3 b6 24.a4 Kh7 25.a5 c5 26.axb6 axb6 27.Ra7 Rg6 28.Rxg7+ Kxg7 29.Bxh6+ Kh7
30.Qh4 Rxh6 31.Qe7+ Kg6 32.Qxd8 Qd4 33.Qxb6+ Kg5 34.Qb7 Rf6 35.Qh7 Rh6 36.Qg7+ Rg6
37.h4+ Kf5 38.Qf7+ Rf6 39.g4+  1-0

[Event "Open"]
[Site "Andorra AND"]
[Date "2001.07.06"]
[Round "7"]
[White "Wehmeier,S"]
[Black "De la Paz,F"]
[Result "1/2-1/2"]
[WhiteElo "2379"]
[BlackElo "2437"]

1.d4 Nf6 2.c4 g6 3.Nc3 Bg7 4.e4 d6 5.Nf3 O-O 6.Be2 e5 7.O-O Nc6 8.d5 Ne7
9.Be3 Ng4 10.Bg5 h6 11.Bh4 f5 12.Nd2 Bf6 13.Bxf6 Nxf6 14.f3 f4 15.c5 g5 16.cxd6 cxd6
17.Nc4 h5 18.Nb5 Ne8 19.a4 Rf7 20.Qb3 Ng6 21.h3 Nh4 22.Qb4 Rf6 23.Nxa7 Bxh3
24.gxh3 g4 25.Qb6 Qd7 26.Kf2 g3+ 27.Ke1 Qxh3 28.Ra3 g2 29.Rg1 Qg3+ 30.Kd2 Rf7
31.b4 Ng6 32.Raa1 Rg7 33.Nb5 Nh4 34.Ra3 Rd7 35.Nbxd6 Ra6 36.Qb5 Nxd6 37.Qxd7 Nxc4+
38.Kc1 Qf2 39.Rxg2+ Nxg2 40.Qc8+ Kg7 41.Qxb7+ Kh8 42.Qc8+ Kh7 43.Qxc4 Rg6
44.d6 Qe1+ 45.Bd1 Ne3 46.Qf7+ Kh6 47.Qf8+ Kh7 48.Qf7+ Kh6 49.Qf8+  1/2-1/2

[Event "Sub-zt 2.3.2"]
[Site "Managua NCA"]
[Date "2001.07.07"]
[Round "8"]
[White "Pineda,B"]
[Black "Juarez Flores,G"]
[Result "1-0"]
[WhiteElo "2292"]
[BlackElo "2236"]

1.Nf3 g6 2.d4 Bg7 3.c4 d6 4.Nc3 Nf6 5.e4 O-O 6.Be2 e5 7.O-O Nc6 8.d5 Ne7
9.Ne1 Nd7 10.Nd3 f5 11.f3 Nf6 12.Bd2 f4 13.Rc1 g5 14.c5 Ng6 15.cxd6 cxd6
16.Nf2 h5 17.Nb5 Rf7 18.a4 Bf8 19.Qc2 Ne8 20.Nxa7 Rc7 21.Nc6 bxc6 22.dxc6 Be6
23.b4 g4 24.fxg4 hxg4 25.Bxg4 Bxg4 26.Nxg4 Rh7 27.a5 Raa7 28.h3 Rag7 29.Be1 Qg5
30.Rf3 Kh8 31.b5 d5 32.exd5 Nh4 33.Bxh4 Rxh4 34.Qe2 Bd6 35.b6 Qh5 36.c7 Nxc7  1-0

[Event "FSIMA July"]
[Site "Budapest HUN"]
[Date "2001.07.08"]
[Round "7"]
[White "Petran,Pa"]
[Black "Bjornsson,S"]
[Result "1-0"]
[WhiteElo "2388"]
[BlackElo "2297"]

1.d4 Nf6 2.c4 g6 3.Nc3 Bg7 4.e4 d6 5.Nf3 O-O 6.Be2 e5 7.O-O Nc6 8.d5 Ne7
9.b4 a5 10.Ba3 axb4 11.Bxb4 Nd7 12.a4 Kh8 13.a5 Ng8 14.Nd2 f5 15.Bd3 Bh6
16.Qc2 Ndf6 17.Rfd1 Ng4 18.Nf3 N8f6 19.c5 Ne3 20.fxe3 Bxe3+ 21.Kh1 dxc5 22.Ba3 Ng4
23.Rf1 Rxa5 24.Bb2 Rxa1 25.Bxa1 Bd4 26.Qe2 Ne3 27.Rc1 f4 28.Nd1 Nxd1 29.Qxd1 Qd6
30.Bxd4 cxd4 31.Qc2 Rf7 32.h3 h6 33.Qc5 Bd7 34.Qxc7 Qa3 35.Nxe5 Rg7 36.Rf1 g5
37.Qd8+ Kh7 38.Qf6 b5 39.Rf3 Be8 40.Bxb5  1-0

[Event "Glorney Cup"]
[Site "Hyerois FRA"]
[Date "2001.07.08"]
[Round "1"]
[White "Houdart,R"]
[Black "Mach,P"]
[Result "1/2-1/2"]
[WhiteElo "2094"]
[BlackElo "2265"]

1.Nf3 Nf6 2.c4 g6 3.Nc3 Bg7 4.d4 d6 5.e4 O-O 6.Be2 e5 7.O-O Nc6 8.d5 Ne7
9.Ne1 Ne8 10.Be3 f5 11.f3 f4 12.Bf2 g5 13.g4 fxg3 14.hxg3 Rf6 15.Be3 Rg6
16.Nd3 Qd7 17.Rf2 h5 18.Rg2 h4 19.Nf2 Nf6 20.Qd2 Nh5 21.f4 Nxf4 22.gxf4 gxf4
23.Bxf4 exf4 24.Qxf4 h3 25.Rg3 h2+ 26.Kh1 Be5 27.Rxg6+ Nxg6 28.Qg5 Qg7 29.Nd3 Bf6
30.Qg3 Bd7 31.Rf1 Ne5 32.Qxg7+ Bxg7 33.Nf4 Rf8 34.Kxh2 Bg4 35.Ne6 Bxe6 36.dxe6 Rxf1
37.Bxf1 c6 38.Kg3 Ng6 39.Nd1 Kf8 40.Kg4 Ke7 41.Kf3 Bd4 42.b3 Kxe6 43.Bh3+ Ke5
44.Bc8 b6 45.Bd7 Ne7 46.Be8 d5 47.exd5 cxd5 48.Bf7 dxc4 49.Bxc4 Kd6 50.Ne3 Bxe3
51.Kxe3 Kc5 52.a4 Nc6 53.Kd2 Kd4 54.Bg8 Nb4 55.Bc4 a5  1/2-1/2

[Event "Glorney Cup"]
[Site "Hyerois FRA"]
[Date "2001.07.09"]
[Round "2"]
[White "Werle,J"]
[Black "Mach,P"]
[Result "1-0"]
[WhiteElo "2412"]
[BlackElo "2265"]

1.Nf3 Nf6 2.c4 d6 3.d4 g6 4.Nc3 Bg7 5.e4 O-O 6.Be2 e5 7.O-O Nc6 8.d5 Ne7
9.b4 Nh5 10.Re1 Nf4 11.Bf1 h6 12.Nd2 h5 13.a4 g5 14.g3 Bg4 15.Nf3 Neg6 16.gxf4 exf4
17.Ra3 Bxf3 18.Qxf3 g4 19.Qd1 Nh4 20.Ne2 f3 21.Ng3 f5 22.exf5 Nxf5 23.Nxf5 Rxf5
24.Qc2 Qf8 25.Re6 h4 26.Bb2 Qf7 27.Bxg7 Kxg7 28.Rae3  1-0

[Event "ch-NOR"]
[Site "Kristiansund NOR"]
[Date "2001.07.09"]
[Round "3"]
[White "Christenson,F"]
[Black "Nordahl,H"]
[Result "1/2-1/2"]
[WhiteElo "2218"]
[BlackElo "2279"]

1.d4 Nf6 2.Nf3 g6 3.c4 Bg7 4.Nc3 O-O 5.e4 d6 6.Be2 e5 7.O-O Nc6 8.d5 Ne7
9.b4 Nh5 10.g3 f5 11.Ng5 Nf6 12.f3 c6 13.Be3 h6 14.Ne6 Bxe6 15.dxe6 Ne8 16.Qb3 Nc7
17.Rad1 Kh7 18.Bc5 Nxe6 19.Rxd6 Qc8 20.Rd2 Nd4 21.Qb1 Qe6 22.exf5 gxf5 23.Bxd4 exd4
24.Nd1 Ng6 25.f4 a5 26.Bd3 Rf7 27.Re2 Qf6 28.Rfe1 Raf8 29.bxa5 Qd8 30.Qb6 Qxb6
31.axb6 Ra8 32.Nf2 Bf8 33.h4 Ra5 34.Re6 Rxa2 35.h5 Ne7 36.Ng4 Ra3 37.Ne5 Rg7
38.Kh2 Ra2+ 39.Kh3 Ra3 40.Rg1 c5 41.g4 Kg8 42.Rg3 Rc3 43.Rf6 Nc6 44.Bxf5 Nxe5
45.fxe5 Re7 46.Rxc3 dxc3 47.e6 Re8 48.Rg6+ Kh8 49.g5 hxg5 50.Rxg5 Be7 51.Rg2 Rf8
52.Be4 Rf6 53.Bd5 Rf5 54.Rc2 Rxh5+ 55.Kg4 Rg5+ 56.Kf4 Rg1 57.Rxc3 Rb1 58.Bxb7 Rxb6
59.Bd5 Kg7 60.Kf5 Rb2 61.Rg3+ Kf8 62.Ke5 Rd2 63.Ra3 Rh2 64.Bf3 Rd2 65.Kf5 Rf2
66.Rd3 Rc2 67.Bd5 Rh2 68.Kg6 Rh4 69.Ra3 Rg4+ 70.Kf5 Rg5+ 71.Kf4 Rg1 72.Ke5 Rg5+
73.Kf4 Rg1 74.Be4 Rc1 75.Ra4 Bd6+ 76.Ke3 Re1+ 77.Kd3 Rd1+ 78.Kc2 Re1 79.Ra8+ Kg7
80.Bd5 Be7 81.Ra3 Re2+ 82.Kd3 Rh2 83.Ra1 Rh3+ 84.Kc2 Kf6 85.Re1 Rg3 86.Kd2 Rh3
87.Re4 Rh2+ 88.Ke3 Rh3+ 89.Kf2 Rh2+ 90.Kg3 Bd6+ 91.Kf3 Rh3+ 92.Kg4 Rg3+ 93.Kh4 Rg7
94.Re2 Rh7+ 95.Kg4 Rg7+ 96.Kf3 Rg3+ 97.Ke4 Rg4+ 98.Kd3 Rg3+ 99.Kc2 Be7 100.Kb2 Rh3
101.Be4 Rh4 102.Bd3 Rf4 103.Re3 Rf2+ 104.Kb3 Bd6 105.Ka4 Rb2 106.Ka3 Rf2
107.Bb1 Rf1 108.Bc2 Ra1+ 109.Kb2  1/2-1/2

[Event "ch-NOR"]
[Site "Kristiansund NOR"]
[Date "2001.07.10"]
[Round "5"]
[White "Tallaksen,G"]
[Black "Borresen,G"]
[Result "1-0"]
[WhiteElo "2239"]
[BlackElo "2286"]

1.d4 Nf6 2.c4 g6 3.Nc3 Bg7 4.e4 d6 5.Nf3 O-O 6.Be2 e5 7.O-O Nc6 8.d5 Ne7
9.Ne1 Nd7 10.Be3 f5 11.f3 f4 12.Bf2 g5 13.a4 a5 14.Nd3 Ng6 15.c5 Nf6 16.Rc1 Rf7
17.cxd6 cxd6 18.Qb3 g4 19.Bb6 Qf8 20.Nb5 gxf3 21.Bxf3 Ne8 22.Rc2 Bf6 23.Rfc1 Bd7
24.Nc7 Nxc7 25.Rxc7 Bd8 26.R7c4 Bg5 27.Bc7 Nh4 28.Ne1 Qh6 29.Qxb7 Raf8 30.Bxa5 Bxa4
31.Rc7 Rxc7 32.Bxc7 Be8 33.Qa6 Be7 34.b4 Qg6 35.Qe2 Kh8 36.Rb1 Bf7 37.Ra1 Rc8
38.Ra7 Be8 39.Rb7 Ra8 40.Ba5 Bd8 41.Bxd8 Rxd8 42.b5 Ra8 43.b6 Ra1 44.Kf2 Rb1
45.Qc2 Rxe1 46.Kxe1 Nxf3+ 47.Kd1 Nd4 48.Qc8 f3 49.Re7 f2 50.Rxe8+ Qxe8 51.Qxe8+ Kg7
52.Qe7+ Kg6 53.Qxd6+ Kf7 54.Qc7+ Kf6 55.Qc4  1-0

[Event "Aegean Open"]
[Site "Ikaros GRE"]
[Date "2001.07.11"]
[Round "5"]
[White "Ovsejevitsch,S"]
[Black "Shavtvaladze,N"]
[Result "1-0"]
[WhiteElo "2529"]
[BlackElo "2360"]

1.d4 Nf6 2.c4 g6 3.Nc3 Bg7 4.e4 d6 5.Nf3 O-O 6.Be2 e5 7.O-O Nc6 8.d5 Ne7
9.Kh1 Ne8 10.a4 a5 11.Ne1 f5 12.Nd3 Nf6 13.f3 f4 14.c5 g5 15.cxd6 cxd6 16.Bd2 Ng6
17.Nf2 h5 18.h3 Rf7 19.Nb5 Bf8 20.Rc1 g4 21.fxg4 hxg4 22.hxg4 Nh4 23.Rc3 Rg7
24.Be1 Nh7 25.Nh3 Ng6 26.Qc2 Bd7 27.Nc7 Rc8 28.Ne6 Bxe6 29.dxe6 Rxc3 30.Qxc3 Ng5
31.Qb3 Kh8 32.Nxg5 Qxg5 33.Rf3 Be7 34.Rh3+ Rh7 35.Rxh7+ Kxh7 36.Bf3 Nf8 37.Bxa5 Qh4+
38.Kg1 d5 39.Qxb7 Nxe6 40.Bb4 Nc5 41.Qxd5 Ne6 42.Qd7  1-0

[Event "ch-NOR"]
[Site "Kristiansund NOR"]
[Date "2001.07.12"]
[Round "7"]
[White "Ostenstad,B"]
[Black "Djurhuus,R"]
[Result "1-0"]
[WhiteElo "2439"]
[BlackElo "2474"]

1.c4 g6 2.d4 Nf6 3.Nc3 Bg7 4.e4 d6 5.Nf3 O-O 6.Be2 e5 7.O-O Nc6 8.d5 Ne7
9.b4 Nh5 10.Re1 a5 11.bxa5 Nf4 12.Bf1 Rxa5 13.a4 c5 14.Nb5 Ra6 15.Ra3 f6
16.Nd2 Kh8 17.g3 Nh5 18.Be2 Ng8 19.Nf1 Bd7 20.Ne3 Nh6 21.Bxh5 gxh5 22.Qxh5 f5
23.Nxf5 Nxf5 24.exf5 Bxf5 25.Bh6 Qa5 26.Bxg7+ Kxg7 27.Qg5+ Bg6 28.Rea1 Rf6
29.Rb3 Qd8 30.Nc3 Qd7 31.Rab1 Ra7 32.R1b2 Rf3 33.Ne4 h6 34.Nxc5 dxc5 35.Qxe5+ Rf6
36.Rb6 Qf5 37.Rxb7+ Rxb7 38.Rxb7+ Bf7 39.Qxf5 Rxf5 40.f4 Rf6 41.a5 Ra6 42.Rb5 Be8
43.Rxc5 Kf6 44.Rc8 Bd7 45.Rc7 Be8 46.g4 Rxa5 47.d6 Ra1+ 48.Kf2 Rd1 49.c5 h5
50.h3 h4 51.Ke2 Rd5 52.Ke3 Bb5 53.Ke4 Rd1 54.f5 Bf1 55.Kf4 Rd4+ 56.Ke3 Rd3+
57.Ke4 Rd1 58.Rh7 Bxh3 59.Rh6+ Kg7 60.Rxh4 Bg2+ 61.Kf4 Bc6 62.Rh3 Rd5 63.Re3 Rxc5
64.Re7+ Kf8 65.Rc7 Ke8 66.Kg5 Rc4 67.Kf6 Bd5 68.Rxc4 Bxc4 69.Kg7  1-0

[Event "ch-SWE"]
[Site "Linkoping SWE"]
[Date "2001.07.13"]
[Round "13"]
[White "Eriksson,A"]
[Black "Hillarp Persson,T"]
[Result "1/2-1/2"]
[WhiteElo "2335"]
[BlackElo "2443"]

1.Nf3 d6 2.d4 g6 3.c4 Bg7 4.Nc3 Nf6 5.e4 O-O 6.Be2 e5 7.O-O Nc6 8.d5 Ne7
9.Nd2 a5 10.Rb1 Bd7 11.b3 c6 12.a3 b5 13.dxc6 b4 14.Nd5 Nxc6 15.Bb2 Nxd5
16.cxd5 Nd4 17.Bd3 f5 18.exf5 gxf5 19.Bxd4 exd4 20.axb4 axb4 21.Rc1 Ra7 22.Ra1 Rxa1
23.Qxa1 Qa8 24.Qxa8 Rxa8 25.Nc4 Bb5 26.f4 Bxc4 27.Bxc4 Ra2 28.h3 h5 29.Rf2  1/2-1/2

[Event "ch-SUI"]
[Site "Scuol SUI"]
[Date "2001.07.15"]
[Round "4"]
[White "Klauser,M"]
[Black "Gallagher,Jo"]
[Result "1-0"]
[WhiteElo "2378"]
[BlackElo "2516"]

1.d4 Nf6 2.c4 g6 3.Nc3 Bg7 4.e4 d6 5.Nf3 O-O 6.Be2 e5 7.O-O Nc6 8.d5 Ne7
9.Bd2 Kh8 10.b4 Neg8 11.c5 Ne8 12.Rc1 f5 13.cxd6 cxd6 14.Ng5 Qe7 15.Bc4 Nc7
16.exf5 Bxf5 17.Be3 Nf6 18.f3 Nh5 19.Re1 Qd7 20.Qd2 b6 21.a4 Nf6 22.b5 Nh5
23.Bb3 Rac8 24.Na2 Bh6 25.Nf7+ Qxf7 26.Bxh6 Rg8 27.Bg5 a6 28.Nc3 axb5 29.Ne4 Qf8
30.a5 bxa5 31.Qxa5 Ne8 32.Rxc8 Bxc8 33.Qd8 Bf5 34.Be7 Qg7 35.Nxd6 Nxd6 36.Qxd6 e4
37.fxe4 Qd4+ 38.Kh1 Bxe4 39.Qb4 Qxb4 40.Bxb4 Bf5 41.Bc3+ Ng7 42.Re7  1-0

[Event "Lasker Mem Open"]
[Site "Barlinek CZE"]
[Date "2001.07.18"]
[Round "3"]
[White "Schmidt,Wl"]
[Black "Dobrowolski,A"]
[Result "1-0"]
[WhiteElo "2438"]
[BlackElo "2222"]

1.Nf3 Nf6 2.c4 g6 3.Nc3 Bg7 4.e4 d6 5.d4 O-O 6.Be2 e5 7.O-O Nc6 8.d5 Ne7
9.b4 Nh5 10.Re1 f5 11.Ng5 Nf6 12.f3 c6 13.Be3 h6 14.Ne6 Bxe6 15.dxe6 Ne8
16.Qb3 Kh7 17.Rad1 Nc7 18.c5 d5 19.exd5 cxd5 20.Nxd5 Nexd5 21.Bc4 Nxe6 22.Bxd5 Nd4
23.Bxd4 exd4 24.Bxb7 Rb8 25.Bd5 Qc7 26.g3 Rfe8 27.f4 Re7 28.Qc4 Rbe8 29.Re6 Rxe6
30.Bxe6 Qe7 31.Re1 Qc7 32.c6 Kh8 33.Kg2 Re7 34.Qd5 Bf6 35.a4 Kg7 36.a5 Kh8
37.Re2 Kg7 38.Ra2 Kh8 39.b5 Kg7 40.b6 axb6 41.a6 Qa7 42.Bd7 b5 43.Qxb5 d3
44.Qxd3 Re1 45.c7 Qxc7 46.a7 Qb7+ 47.Kh3 Qa8 48.Bc6  1-0

[Event "Lasker Mem Open"]
[Site "Barlinek CZE"]
[Date "2001.07.18"]
[Round "3"]
[White "Abbasov,F"]
[Black "Szczechowicz,B"]
[Result "1-0"]
[WhiteElo "2426"]
[BlackElo "2298"]

1.d4 Nf6 2.c4 g6 3.Nc3 Bg7 4.e4 d6 5.Nf3 O-O 6.Be2 e5 7.O-O Nc6 8.d5 Ne7
9.b4 Nh5 10.Re1 f5 11.Ng5 Nf6 12.Bf3 c6 13.Be3 h6 14.Ne6 Bxe6 15.dxe6 fxe4
16.Nxe4 Nxe4 17.Bxe4 d5 18.cxd5 cxd5 19.Bc2 b6 20.Qg4 Qd6 21.Rad1 Rf6 22.Bb3 Rd8
23.b5 d4 24.f4 Rf5 25.fxe5 Bxe5 26.h3 Bh2+ 27.Kh1 Bg3 28.Rg1 dxe3 29.Rxd6 Bxd6
30.Qxg6+  1-0

[Event "3rd Open"]
[Site "Patras GRE"]
[Date "2001.07.19"]
[Round "2"]
[White "Ovsejevitsch,S"]
[Black "Stoumbos,K"]
[Result "1-0"]
[WhiteElo "2529"]
[BlackElo "2217"]

1.d4 Nf6 2.c4 g6 3.Nc3 Bg7 4.e4 d6 5.Nf3 O-O 6.Be2 e5 7.O-O Nc6 8.d5 Ne7
9.Kh1 Kh8 10.a4 Neg8 11.a5 a6 12.b4 Nh5 13.c5 Nf4 14.Nd2 f5 15.Ba3 Nf6 16.b5 Ng4
17.Bxg4 fxg4 18.Nc4 Qh4 19.Ne3 Nh3 20.gxh3 Rf3 21.Rg1 Qxf2 22.Bc1 Rxh3 23.Rg2 Qh4
24.Qg1 h5 25.Rg3 Bh6 26.Ne2 Bf4 27.Ng2 Qf6 28.Ngxf4 exf4 29.Bxf4 g5 30.Bd2 Rxg3
31.hxg3 Qe7 32.Qd4+ Kh7 33.c6 axb5 34.Bc3 bxc6 35.Qh8+ Kg6 36.Rf1  1-0